书目信息 |
| 题名: |
明代文言短篇小说选译
|
|
| 作者: | 黄敏 译注 | |
| 分册: | ||
| 出版信息: | 成都 巴蜀书社 1991.10 |
|
| 页数: | 330页 | |
| 开本: | 19cm | |
| 丛书名: | 古代文史名著选译丛书 | |
| 单 册: | ||
| 中图分类: | I242.7 , I211 | |
| 科图分类: | ||
| 主题词: | 古典小说--中国--明代--选集 , 古典小说 , 短篇小说--中国--明代--选集 , 短篇小说 , 文学--作品集--中国 | |
| 电子资源: | ||
| ISBN: | 7-80523-358-6 | |
| 000 | 00932oam2 2200313 450 | |
| 001 | 1531085875 | |
| 005 | 20150125085008.25 | |
| 010 | @a7-80523-358-6@dCNY2.80 | |
| 100 | @a19920528d1991 em y0chiy0110 ea | |
| 101 | 0 | @achi |
| 102 | @aCN@b510000 | |
| 105 | @ay zr 000fd | |
| 200 | 1 | @a明代文言短篇小说选译@9ming dai wen yan duan pian xiao shuo xuan yi@f黄 敏译注 |
| 210 | @a成都@c巴蜀书社@d1991.10 | |
| 215 | @a330页@d19cm | |
| 225 | 2 | @a古代文史名著选译丛书@i宋元明清@f章培恒等主编 |
| 300 | @a国家教委古籍整理“七·五”规划重点项目 | |
| 461 | 0 | @12001 @a古代文史名著选译丛书 |
| 462 | 0 | @12001 @a宋元明清 |
| 606 | 0 | @a古典小说@y中国@z明代@x选集 |
| 606 | 0 | @a古典小说 |
| 606 | 0 | @a短篇小说@y中国@z明代@x选集 |
| 606 | 0 | @a短篇小说 |
| 606 | 0 | @a文学@x作品集@x中国 |
| 690 | @aI242.7@v三版 | |
| 690 | @aI211@v4 | |
| 701 | 0 | @a黄敏@9huang min@4译注 |
| 801 | 0 | @aCN@bTSSF@c20150125 |
| 905 | @aZUCC@dI211@eJY97 | |
| 明代文言短篇小说选译/黄 敏译注.-成都:巴蜀书社,1991.10 |
| 330页;19cm.-(古代文史名著选译丛书.宋元明清/章培恒等主编) |
| 国家教委古籍整理“七·五”规划重点项目 |
| ISBN 7-80523-358-6:CNY2.80 |
| ● |
| 相关链接 |
|
|
|
|
正题名:明代文言短篇小说选译
索取号:I211/JY97
 
预约/预借
| 序号 | 登录号 | 条形码 | 馆藏地/架位号 | 状态 | 备注 |
| 1 | 7836663 | 278366634 | 学院路分馆/ [索取号:I211/JY97] | 在馆 | |
| 2 | 7853998 | 278539985 | 学院路分馆/ [索取号:I211/JY97] | 在馆 |